| 000 | 00594nam a2200193 a 4500 | ||
|---|---|---|---|
| 003 | CDMR | ||
| 005 | 20131210135255.0 | ||
| 008 | 130130s1980||||||||||||||||||||||||||||d | ||
| 020 | _a843090366 | ||
| 040 |
_aCDMR _bcat _cCDMR |
||
| 100 | 1 |
_aOrive Riva, Pedro _9398 |
|
| 245 | 1 | 0 |
_aDiagnóstico sobre la información _cPedro Orive Riva |
| 260 |
_aMadrid _c1980 _bTecnos |
||
| 650 | 0 | 4 |
_94289 _aComunicació _xAspectes socials |
| 650 | 0 | 4 |
_94434 _aPoder (Ciències socials) |
| 650 | 0 | 4 |
_94364 _aPolítica de la comunicació |
| 650 | 0 | 4 |
_93360 _aMitjans de comunicació de massa _xPúblic |
| 942 |
_cMON _2udc |
||
| 999 |
_c696 _d696 |
||